Kraje sąsiadujące z Brazylią - Statystyki

Ogólne statystyki
  • Ten quiz został rozwiązany 67 razy
  • Średni wynik to 9 z 10
Statystyki odpowiedzi
Rozmiar Kraj % Poprawnych
1,261 km Argentyna
100%
3,423 km Boliwia
93%
1,068 km Urugwaj
93%
1,644 km Kolumbia
90%
2,995 km Peru
90%
1,365 km Paragwaj
88%
2,200 km Wenezuela
86%
1,606 km Gujana
80%
593 km Surinam
78%
730 km Francja ( Gujana Francuzka)
54%
Nie znaleziono quizów pasujących do podanych kryteriów
Rozkład punktacji
Procent ludzi z każdym wynikiem
Percentyl według liczby udzielonych odpowiedzi
Twoja historia wyników
Nie rozwiązałeś tego quizu